Statistics for Complete the Card - WWE Royal Rumble 2003

Click here to take the quiz!

General Stats

  • This quiz has been taken 271 times
  • The average score is 9 of 12

Answer Stats

Answer% Correct
Brock Lesnar
96%
Triple H
96%
Kurt Angle
93%
The Big Show
85%
Bubba Ray Dudley
84%
Chris Benoit
83%
D-Von Dudley
83%
Scott Steiner
73%
Torrie Wilson
70%
William Regal
63%
Dawn Marie
62%
Lance Storm
60%

Score Distribution

Percentile by Number Answered

Percent of People with Each Score

Your Score History

You have not taken this quiz